000 00511nam a2200097Ia 4500
008 170517s9999 xx 000 0 und d
245 _aJohn Pilger: Real Journalism
300 _aJohn Richard Pilger is an Australian journalist based in London. Since his early years as a war correspondent in Vietnam, Pilger has been a strong critic of American, Australian and British foreign policy, which he considers to be driven...
650 _xMedia.
856 _uhttp://topdocumentaryfilms.com/john-pilger-real-journalism/
999 _c333535
_d333535